Prínos sektora cestovného ruchu pre slovenskú ekonomiku
Východiská kvantifikácie cestovného ruchu. Štatistické vykazovanie cestovného ruchu v Slovenskej republike. Všeobecný informačný systém cestovného ruchu. Satelitný účet cestovného ruchu. Prieskumy spotrebiteľského správania.
Salvato in:
| Autore principale: | |
|---|---|
| Altri autori: | |
| Natura: | Capitolo di libro |
| Lingua: | slovacco |
| Soggetti: | |
| Tags: |
Nessun Tag, puoi essere il primo ad aggiungerne!!
|
MARC
| LEADER | 00000naa a2200000 4500 | ||
|---|---|---|---|
| 001 | 0238820 | ||
| 005 | 20220805075444.7 | ||
| 041 | 0 | |a slo | |
| 044 | |a SK | ||
| 245 | 1 | 0 | |a Prínos sektora cestovného ruchu pre slovenskú ekonomiku |c Marián Gúčik, Andrea Orelová |
| 520 | |a Východiská kvantifikácie cestovného ruchu. Štatistické vykazovanie cestovného ruchu v Slovenskej republike. Všeobecný informačný systém cestovného ruchu. Satelitný účet cestovného ruchu. Prieskumy spotrebiteľského správania. | ||
| 610 | 2 | 0 | |a ruch cestovný |
| 610 | 2 | 0 | |a Slovensko |
| 610 | 2 | 0 | |a štatistika |
| 610 | 2 | 0 | |a správanie spotrebiteľa |
| 610 | 2 | 0 | |a stratégia marketingová |
| 610 | 2 | 0 | |a meranie výkonnosti |
| 100 | 1 | |a Gúčik, Marián | |
| 700 | 1 | |a Orelová, Andrea | |